000 00217nam a22000977a 4500
020 _a9780439913072
100 _aArt Mawhinney
245 _aQuick! Help the Fish!
260 _aNew York
_bScholastic
_c2007
942 _cBK
999 _c265105
_d265104